| 000 | 00913cam a22002652 4500 | ||
|---|---|---|---|
| 001 | 0000007062 | ||
| 005 | 20151217145834.0 | ||
| 008 | 071110s xx 000 0 eng d | ||
| 020 |
_a007059791x : _cKES 2600 |
||
| 040 |
_aKABU _cKABU |
||
| 100 | 1 |
_aBennett, Simon. _@0000160895 |
|
| 245 | 1 | 0 |
_aObject-oriented systems analysis and design using UML / _cSimon Bennett, Steve McRobb, Ray Farmer. |
| 250 | _a2nd ed. | ||
| 260 |
_aNew Delhi : _bTata McGraw-Hill, _c2002. |
||
| 300 | _axix, 612 p. | ||
| 650 | 0 |
_aObject oriented programming (Computer science) _@0000148166 |
|
| 650 | 0 |
_aSystem analysis. _@0000148439 |
|
| 650 | 0 |
_aUML (Computer science) _@0000154690 |
|
| 700 | 1 |
_a McRobb, Steve. _@0000160896 |
|
| 700 | 1 |
_aFarmer, Ray. _@0000160897 |
|
| 908 | _a071110 | ||
| 950 | _@1 | ||
| 999 |
_c3148 _d3148 |
||